Del informe de los "notables"...a la tiranía en democracia (Registro nro. 12078)
[ vista simple ]
| 000 -Cabecera | |
|---|---|
| Campo de control de longitud fija | 00878nam a22003017a 4500 |
| 005 - Fecha y hora de la última transacción | |
| Campo de control | 20231013084215.0 |
| 008 - Elementos de longitud fija--Información general | |
| Campo de control de longitud fija | 190613b2013 xxu||||| |||| 00| 0 spa d |
| 041 ## - Idioma | |
| Código de idioma | Español |
| 082 ## - Clasificación Decimal Dewey | |
| Número de clasificación | 321.8 A293i |
| 100 ## - Entrada principal--Autor personal | |
| Nombre personal | Aguilar Bulgarelli, Óscar |
| 9 (RLIN) | 3960 |
| 245 ## - Título propiamente dicho | |
| Título | Del informe de los "notables"...a la tiranía en democracia |
| 260 ## - Pie de imprenta | |
| Lugar de publicación, distribución, etc. | Costa Rica |
| 260 ## - Pie de imprenta | |
| Nombre del editor, distribuidor, etc. | Progreso |
| 300 ## - Descripción física | |
| Extensión | 103 páginas |
| 650 ## - Materia general | |
| Temática (materia general) | COSTA RICA |
| 650 ## - Materia general | |
| Temática (materia general) | GOBIERNO DEMOCRÁTICO |
| 650 ## - Materia general | |
| Temática (materia general) | DESARROLLO SOCIAL |
| 650 ## - Materia general | |
| Temática (materia general) | INGOBERNABILIDAD |
| 650 ## - Materia general | |
| Temática (materia general) | TIRANÍA |
| 650 ## - Materia general | |
| Temática (materia general) | MAYORÍAS |
| 650 ## - Materia general | |
| Temática (materia general) | MINORÍAS |
| 650 ## - Materia general | |
| Temática (materia general) | POLÍTICA DEL MIEDO |
| 650 ## - Materia general | |
| Temática (materia general) | PODER LEGISLATIVO |
| 650 ## - Materia general | |
| Temática (materia general) | MINISTRO DE LA PRESIDENCIA |
| 650 ## - Materia general | |
| Temática (materia general) | ADMINISTRACIÓN PÚBLICA |
| 650 ## - Materia general | |
| Temática (materia general) | DESCENTRALIZACIÓN SECTORIAL |
| 942 ## - Punto de acceso adicional KOHA | |
| Tipo de ítem KOHA | Libro |
| Fuente del sistema de clasificación o colocación | Dewey Decimal Classification |
| Signatura completa | Código de barras | Tipo de ítem |
|---|---|---|
| 321.8 A293i | 17379 | Libro |